00366nam a2200121Ia 4500001000900000003000500009008004100014010001100055040000900066100001700075245009200092260006000184dia_6619CHAP220117s1967 xx 000 0 und d a178848 cCHAP aShedd, C. K. aManejo y almacenamiento de maíz suave en la granja /c C. K. Shedd y J. R. McCalmont aMéxico :b Centro Regional de Ayuda Técnica,c1967